[Event "RUS-ch"]
[Site "Krasnodar"]
[Date "2002.08.29"]
[Round "3"]
[White "Nevostrujev, Vladimir"]
[Black "Timofeev, Artyom"]
[Result "0-1"]
[WhiteElo "2502"]
[BlackElo "2558"]
[Annotator "Mueller,Karsten"]
[PlyCount "74"]
[EventDate "2002.08.27"]
[EventType "swiss"]
[EventRounds "9"]
[EventCountry "RUS"]
[SourceTitle "CBM 091"]
[Source "ChessBase"]
[SourceDate "2002.11.12"]
[SourceVersion "1"]
[SourceVersionDate "2002.11.12"]
[SourceQuality "1"]

1. e4 c5 2. Nf3 d6 3. d4 cxd4 4. Nxd4 Nf6 5. f3 e5 6. Nb3 Be6 7. c4 {die
eigentliche Idee von 5.f3 (5.Sc3 verstellt den weißen c-Bauern, so dass der
Maroczyaufbau unmöglich wird).} a5 8. Be3 Be7 9. Nc3 a4 10. Nd2 Qa5 11. Nd5
$146 (11. Be2 O-O 12. Rb1 (12. O-O Rc8 13. Nd5 Bd8 14. b4 axb3 15. axb3 Qxa1
16. Qxa1 Rxa1 17. Rxa1 Nc6 18. Kf1 $14 {1/2-1/2 Short,N-Lutz,C/Porz GER 1998 
(41)}) 12... Rc8 (12... Nbd7 13. Nb5 Rfc8 14. O-O Ne8 15. b4 axb3 16. axb3 Qd8
$14 {1-0 Gara,A-Madl,I/Budapest HUN 2000/The Week in Chess 299 (46)}) 13. O-O
Nbd7 14. Kh1 h6 15. Nb5 (15. f4 $5) 15... Ne8 16. b4 axb3 17. axb3 Qb4 18. f4
$11 {/+/= 1-0 Varga,Z-Petrosian,A/Dortmund GER 2000/The Week in Chess 297 (34).
(33)}) 11... Nxd5 12. cxd5 Bd7 13. Be2 O-O 14. O-O b5 15. Nb1 $6 Bd8 {Schwarz
plant, die schwarzfeldrigen Läufer mit Lb6 abzutauschen, um besser auf die
schwarzfeldrigen Schwächen im weißen Lager spielen zu können.} 16. Bd2 b4 17.
Kh1 Qb6 18. a3 b3 19. Be1 $6 Bg5 20. Nd2 $2 (20. Nc3 $142) 20... Bb5 $1 {
[%csl Gb2,Ge4][%cal Gb8d7,Ga8c8,Gc8c2,Gf7f5,Gd7c5,Gf5e4][%mdl 4] die Eröffnung
ist für Weiß schief gelaufen und Timofeev demostriert nun einen für diesen
Fall typischen Plan.} 21. g3 $6 Nd7 22. f4 $6 {schafft nur weitere Schwächen.}
(22. Bf2 Qa6 23. Bxb5 Qxb5 24. Nb1 $15) 22... exf4 23. gxf4 Bf6 24. Rb1 Rac8
25. Bf2 Qa6 $1 {nach dem Tausch der weißfeldrigen Läufer hat Weiß der
schwarzen Invasion auf der c-Linie nichts mehr entgegenzusetzen. Seine
schwachen Bauern b2 und e4 machen eine erfolgreiche Verteidigung unmöglich.}
26. Bxb5 Qxb5 27. Nf3 Rc2 28. Bd4 Re8 29. Re1 Qc4 $19 30. Re3 (30. Kg1 Bxd4+
31. Nxd4 Nc5 $19) 30... Bxd4 31. Qxd4 Nf6 32. Rg1 Qxd4 33. Nxd4 Rxb2 34. Nf5
Rxe4 35. Rc3 (35. Rxg7+ Kh8 36. Rxe4 Nxe4 37. Rxf7 h5 38. Re7 Re2 39. Re8+ Kh7
40. Rb8 b2 $19) 35... Rc2 36. Rc6 (36. Rxc2 bxc2 37. Rc1 g6 38. Nxd6 Re2 39.
Nb5 Rd2 40. Nc3 Nxd5 41. Rxc2 (41. Nxd5 Rd1+ $19) 41... Rxc2 42. Nxd5 Ra2 $19)
36... Ree2 37. Rxg7+ Kf8 (37... Kf8 38. Rxd6 Ne8 39. Rd8 b2 40. Rb8 b1=Q+ 41.
Rxb1 Nxg7 $19) 0-1

[Event "RUS-ch 56th"]
[Site "Krasnoyarsk"]
[Date "2003.09.10"]
[Round "7"]
[White "Yandemirov, Valeri"]
[Black "Zakhartsov, Viacheslav V"]
[Result "1/2-1/2"]
[WhiteElo "2478"]
[BlackElo "2525"]
[Annotator "Mueller,Karsten"]
[PlyCount "60"]
[EventDate "2003.09.03"]
[EventType "swiss"]
[EventRounds "9"]
[EventCountry "RUS"]
[SourceTitle "CBM 098"]
[Source "ChessBase"]
[SourceDate "2004.02.03"]
[SourceVersion "1"]
[SourceVersionDate "2004.02.03"]
[SourceQuality "1"]

1. e4 c5 2. Nf3 d6 3. d4 cxd4 4. Nxd4 Nf6 5. f3 e5 6. Bb5+ Nbd7 7. Nf5 d5 $5 {
ein interessantes Bauernopfer, das Schwarz gute Kompensation zu versprechen
scheint.} 8. exd5 a6 9. Ba4 b5 10. Bb3 Nc5 {Schwarz erhält das Läuferpaar und
kann seinen Entwicklungsvorsprung häufig dazu nutzen, einen Angriff am
Königsflügel zu inszenieren.} 11. Ne3 Nxb3 12. axb3 Bb7 (12... Bc5 $5 13. Nc3 (
13. c4 Nh5 14. g3 O-O 15. Nc3 Qb6 16. Qe2 Bd7 17. Bd2 f5 $44 {0-1 Shaposhnikov,
E-Dzhakaev,D/St Petersburg 2001/EXT 2002 (38)}) 13... Bb7 14. Qd3 O-O 15. Bd2
Bxe3 16. Bxe3 Nxd5 17. Nxd5 Bxd5 18. O-O-O Qa5 19. Kb1 Rfd8 20. Qc3 $11 {
1/2-1/2 Shaposhnikov,E-Kokarev,D/Kazan 2001/EXT 2002 (40)}) 13. c4 Bc5 14. Nc3
(14. O-O O-O (14... Rc8 15. Re1 O-O 16. Na3 {1-0 Cueto,J-Velasquez Ojeda,C/
Santiago de Chile 1997/EXT 98 (35)} Re8 17. Nac2 Qd6 $44) 15. Nc3 Qb6 16. Re1 (
{Die folgende Partie illustriert eindringlich die schwarzen Chancen am
Königsflügel:} 16. Qe2 Nh5 17. Kh1 (17. g3 f5 18. Kg2 Qg6 19. Nc2 Bd6 $44)
17... f5 18. Ned1 Rac8 19. Be3 Bd4 20. Qd3 f4 21. Bxd4 $2 (21. Bf2 $13) 21...
Ng3+ $3 22. hxg3 Qh6+ 23. Kg1 fxg3 24. Re1 exd4 25. Ne2 Rce8 26. Qxd4 Qh2+ 27.
Kf1 Rxf3+ 28. gxf3 g2+ {0-1 Hult,B-Danielsson,G/Stockholm 1946/EXT 2003 (28).})
16... Nh5 17. Kh1 f5 18. Nf1 Rae8 19. Be3 Nf6 (19... Bxe3 $6 20. Rxe3 f4 21.
Re2 Rf6 $2 22. Ne4 Rh6 23. c5 Qc7 24. Rc1 {1-0 Sarink,H-Czar,J/corr 1976/
MegaCorr3 (24)}) 20. Qd3 e4 21. fxe4 Ng4 $44 {0-1 Suarez Real,A-Fernandez
Cueto,R/Asturia 1997/EXT 2001 (35)}) 14... O-O 15. Qd3 Qb6 16. Nc2 Rac8 (16...
Bf2+ 17. Kf1 Bc5 18. Be3 {bringt Schwarz nichts ein.}) 17. Be3 Nd7 18. cxb5
axb5 19. b4 Bxe3 20. Qxe3 (20. Nxe3 Nf6 21. Nf5 Rc4 22. Qe3 Qxe3+ 23. Nxe3 Rxb4
24. O-O-O Rd8 $11) 20... Qg6 21. Qf2 $6 (21. Qe2 $5 Nb6 22. Ne3 Nc4 23. O-O Qb6
24. Rfe1 Rfe8 25. Qf2 $14) 21... Nb6 22. Ne3 f5 $6 (22... Rfd8 23. Rd1 Na4 24.
Nxa4 bxa4 25. O-O Qb6 {ist bequem für Schwarz.}) 23. O-O f4 24. Ng4 Nc4 (24...
Nxd5 25. Ra7 Bc6 26. Nxe5 Qg5 {kam auch in Betracht.}) 25. Ra7 Ba8 26. Re1 ({
Das aggressive} 26. Rfa1 {kann überraschend stark mit} e4 27. R1a6 e3 {
beantwortet werden.}) 26... Qd6 27. Nxb5 Qb8 $2 (27... Qxb4 28. Nc3 (28. Nc7
Bb7 29. Ne6 Rf7 $11) 28... Qxb2 $14) 28. Na3 $2 (28. b3 $1 Ne3 (28... Qxb5 29.
bxc4 Qxc4 30. Qb2 Qxd5 31. Rxg7+ Kxg7 32. Rxe5 $18) 29. Nxe3 Qxb5 30. Nc4 Qxb4
(30... Bxd5 $2 31. Ra5 Qc6 32. Rc5 $18) 31. d6 $16 {/+-}) 28... Ne3 29. Re7
Nxd5 30. R7xe5 Qxb4 (30... Qxb4 31. R5e2 Qb3 32. Qd4 $14) 1/2-1/2

[Event "Linares Anibal op 04th"]
[Site "Linares"]
[Date "1997.??.??"]
[Round "3"]
[White "Rodriguez Vila, Andres"]
[Black "Herrera, Irisberto"]
[Result "1/2-1/2"]
[WhiteElo "2565"]
[BlackElo "2450"]
[Annotator "Rechlis,G"]
[PlyCount "68"]
[EventDate "1997.02.??"]
[EventType "swiss"]
[EventRounds "10"]
[EventCountry "ESP"]
[SourceTitle "CBM 058"]
[Source "ChessBase"]
[SourceDate "1997.06.01"]
[SourceVersion "1"]
[SourceVersionDate "1997.06.01"]
[SourceQuality "1"]

1. e4 $1 $15 c5 2. Nf3 d6 3. d4 cxd4 4. Nxd4 Nf6 5. f3 e5 6. Bb5+ Nbd7 7. Nf5
d5 8. exd5 a6 9. Ba4 (9. Bxd7+ Qxd7 10. Ne3 b5 11. O-O (11. a4 Bb7 12. axb5
axb5 13. Rxa8+ Bxa8 14. O-O Bc5 15. Kh1 O-O (15... Nxd5 {1/2-1/2 Ginsburg,
G-Kuczynski,R/BL2-O 1996 (25)}) 16. Nc3 Bxe3 17. Bxe3 Nxd5 18. Qd3 Qc6 19. Nxd5
Qxd5 20. Qxd5 Bxd5 $15 {Delithanasis,D-Mainka,R/Ano Liosia op 1995/1/2-1/2 (61)
}) 11... Bb7 12. Nc3 b4 13. Ne4 Nxd5 14. c4 bxc3 15. Nxd5 Qxd5 16. Qxd5 Bxd5
17. Nxc3 Bc5+ 18. Kh1 Bb7 $15 {Bezgodov,A-Vaulin,A/Moscow/1995/0,5/17/}) 9...
b5 (9... Qa5+ $2 10. Nc3 b5 11. Bb3 Nc5 12. Qe2 Nfd7 13. d6 Nxb3 14. cxb3 Bb7
$1) 10. Bb3 Nb6 11. Ne3 $132 Bb7 12. Nc3 Bc5 13. Qd3 (13. Nf5 $17 {Foguelman,
A-Reshevsky,S/Buenos Aires/1960/0:1/39/} g6 $146 (13... O-O 14. Bg5 $2) 14.
Ng7+ Kf8 15. Bh6 Kg8 16. Qd2 b4 17. Ne2 a5 $36) 13... O-O 14. Ne4 Rc8 (14...
Nxe4 $5 15. fxe4 a5 16. c3 (16. Qxb5 $1 Qh4+ $44) (16. a3 $5 $132) 16... a4 17.
Bd1 f5 $1 18. Nxf5 Rxf5 19. exf5 Bxd5 $2 (19... e4 $1) 20. Qg3 $19 (20. Bf3 $8
e4 $40 21. Bxe4 Qh4+ $1 $40) (20. Be3 $16 e4 21. Qe2 $1 Bc4 22. Qf2 Bxe3 23.
Qxe3 Nd5 24. Qxe4 (24. Qd4 Qg5 $36) 24... Qf8 $1) 20... Nc4 21. Bc2 Qb6 (21...
e4 $2 22. Bg5 Qb6 23. O-O-O $1 $132) (21... b4 $16 22. Bg5 Qb6 $2) 22. f6 $16
Qxf6 23. Bg5 Bf2+ $1 $18 {1-0 Gorbatow,A-Yuferov,S/Moscow-ch op 1995} (23...
Qc6 $1 24. O-O-O e4 $14) 24. Qxf2 Qxg5 25. O-O $1 $13 {Kokkila,T-Hoffman,M/POL/
1987/0:1/29/} Ne3 $132 {Galakhov,S-Yermolinsky,A/Tashkent/1985/0:1/35/} (25...
h6 $14 26. Rad1 Be6 $14) 26. Be4 $5) (14... Bxe3 $1 15. Nxf6+ Qxf6 16. Bxe3
Nxd5 $2 17. Bxd5 Rad8 18. Bxf7+ $14 Rxf7 19. Qc3 Bxf3 $1) 15. Nxc5 Rxc5 16. O-O
(16. Bd2 Nbxd5 17. O-O-O Qc7 18. Nxd5 Nxd5) 16... Nbxd5 17. Rd1 Qb6 18. Nxd5
Nxd5 (18... Rxd5+ 19. Be3 Rxd3 20. Bxb6 Rxd1+ 21. Rxd1) 19. Be3 Nxe3 20. Qxe3
Qc7 21. Rd2 e4 (21... Bc8 22. Rad1 h6) 22. fxe4 Re5 23. Rd4 Qe7 24. Re1 Kh8 25.
Bd5 Bxd5 26. Rxd5 Re8 27. Qd4 Rxd5 28. Qxd5 f6 29. h3 (29. Qd4) 29... Qb4 30.
Rb1 h6 31. c3 Qxe4 32. Qxe4 Rxe4 33. Kf2 Kh7 34. Rf1 Re6 1/2-1/2

[Event "RUS-Cup3"]
[Site "Omsk"]
[Date "1996.??.??"]
[Round "8"]
[White "Chuprov, Dmitry"]
[Black "Mukhametov, Eldar"]
[Result "0-1"]
[WhiteElo "2425"]
[BlackElo "2485"]
[Annotator "Rechlis,G"]
[PlyCount "62"]
[EventDate "1996.12.13"]
[EventType "swiss"]
[EventRounds "9"]
[EventCountry "RUS"]
[SourceTitle "CBM 057"]
[Source "ChessBase"]
[SourceDate "1997.04.01"]
[SourceVersion "1"]
[SourceVersionDate "1997.04.01"]
[SourceQuality "1"]

1. e4 c5 2. Nf3 d6 3. d4 cxd4 4. Nxd4 Nf6 5. f3 e5 6. Nb3 Be7 7. c4 O-O 8. Nc3
Nc6 (8... a5 9. Be3 a4 10. Nd2 Qa5 11. a3 Bd7 (11... Bd8 $5 12. Be2 Bb6 13. Nf1
(13. Bxb6 Qxb6 14. Nxa4 Qe3 $44) 13... Bxe3 14. Nxe3 Qb6 15. Qd2 Nc6 $15) 12.
Be2 Na6 13. O-O Nc5 14. Kh1 Rfc8 15. f4 Bc6 $13 {1-0 Wolff,P-Browne,W/USA-ch
1992 (74)}) 9. Be3 Ne8 (9... a5 $5) 10. Qd2 f5 11. O-O-O a5 12. a4 $2 (12. Na1
$1 a4 13. Nc2 $14) 12... Nb4 $17 13. Kb1 Be6 (13... Nf6 $142) 14. Qf2 $6 (14.
Nc1 $6 Nf6 15. Be2) 14... fxe4 $1 (14... Qc8 $17 15. Nd5 Bxd5 16. exd5 Qd7 17.
Nc1 Qxa4 18. b3 Qd7 $142) 15. Nc5 Bf5 16. N5xe4 Nf6 17. Qe2 (17. Qe1 $142 Qd7
18. b3 Rfc8 19. Kb2) 17... Qd7 18. b3 Rfc8 (18... Rac8 $6 {It seems that black
is sacrificing a pawn with unclear consequences . Using simple means he could
have gained a wining advantage .}) 19. Kb2 d5 $19 (19... Nxe4 20. Nxe4 d5 $2)
20. cxd5 $142 $40 (20. Nxf6+ $1 $13 Bxf6 21. Nxd5 Nxd5 (21... Qe6 $1 $19) 22.
Rxd5 e4+ 23. Ka2 Qe6 24. f4 $1) 20... Nxe4 21. fxe4 Rxc3 $19 22. Kxc3 Rc8+ 23.
Qc4 (23. Kb2 Bg4 $19 24. Qd2 (24. Qe1 Nc2 25. Qd2 Bxd1) 24... Rc2+ 25. Qxc2
Nxc2 26. Kxc2 Bxd1+ 27. Kxd1 Qg4+ 28. Kd2 Qxe4) 23... Bxe4 24. d6+ Nd5+ 25.
Rxd5 Bxd5 26. dxe7 Bxc4 27. Bxc4+ Kh8 28. Bg5 h6 29. Rf1 hxg5 30. Rf8+ Kh7 31.
Kb2 Rxc4 0-1

[Event "Clarin GP final"]
[Site "Villa Gesell"]
[Date "1997.??.??"]
[Round "5"]
[White "Rodriguez Vila, Andres"]
[Black "Fiorito, Fabian"]
[Result "1-0"]
[WhiteElo "2565"]
[BlackElo "2470"]
[Annotator "Rechlis,G"]
[PlyCount "70"]
[EventDate "1997.03.02"]
[EventType "tourn"]
[EventRounds "11"]
[EventCountry "ARG"]
[EventCategory "11"]
[SourceTitle "CBM 058"]
[Source "ChessBase"]
[SourceDate "1997.06.01"]
[SourceVersion "1"]
[SourceVersionDate "1997.06.01"]
[SourceQuality "1"]

1. e4 c5 2. Nf3 d6 3. d4 cxd4 4. Nxd4 Nf6 5. f3 e5 6. Nb3 Nc6 (6... Be7 7. c4
O-O 8. Nc3 a5 9. Be3 a4 10. Nd2 Qa5 11. a3 Bd7 12. Be2 Na6 13. O-O Nc5 14. Kh1
Rfc8 15. f4 Bc6 $13 {Wolff,P-Browne,W/USA-ch 1992/1-0 (75)}) (6... Be6 7. c4
Nbd7 8. Be3 Rc8 9. N3d2 Nb6 10. b3 Nh5 11. g3 Be7 12. Bg2 g6 13. Nc3 Bg5 $13 {
1-0 Maljutin,E-Gallagher,J/Forli op 1992 (44)}) (6... d5 7. Bg5 Be6 8. exd5
Qxd5 9. Nc3 Bb4 10. Bd2 Qd8 11. Nb5 Nc6 12. Bxb4 Nxb4 13. c3 Nbd5 14. c4 Ne3
15. Qxd8+ Kxd8 16. Rc1 a6 17. Na3 Rc8 18. Kf2 Nxf1 19. Rhxf1 Ke7 20. Rfd1 Rc7
21. Rc3 Rhc8 22. Rdc1 Ne8 23. Nd2 Nd6 24. Nab1 h5 $15 {Prins,L-Timoshchenko,G/
Palma de Mallorca GMA 1989/<<-<< (57)}) 7. c4 Nxe4 $2 $146 {This sacrifice is
realy wild !!!} 8. fxe4 Qh4+ 9. Kd2 d5 10. exd5 Bb4+ 11. Nc3 O-O 12. Qe1 Qd8
13. a3 Nd4 14. Nxd4 Bxc3+ 15. bxc3 exd4 16. Qe5 Re8 17. Qxd4 Bf5 18. Bd3 Bxd3
19. Qxd3 $18 {The rest is redundant , although white could play more accuratly
..} b5 20. cxb5 Qh4 21. g3 Qf6 22. Kc2 Rac8 23. Bd2 Rc5 24. Rae1 Rd8 25. Qe3
Rcc8 26. Rhf1 Qd6 27. Qf3 Qxa3 28. Qxf7+ Kh8 29. Ra1 Qc5 30. Rxa7 Rg8 31. Qb7
Rb8 32. Qa6 Qxd5 33. b6 Rbd8 34. Qe2 Rge8 35. Qf2 Qe4+ 1-0

[Event "Moscow-ch op"]
[Site "Moscow"]
[Date "1995.??.??"]
[Round "11"]
[White "Gorbatov, Alexej"]
[Black "Yuferov, Sergey N"]
[Result "1-0"]
[WhiteElo "2420"]
[BlackElo "2465"]
[Annotator "Shipov,S"]
[PlyCount "51"]
[EventDate "1995.??.??"]
[EventType "swiss"]
[EventRounds "11"]
[EventCountry "RUS"]
[SourceTitle "EXT 1997"]
[Source "ChessBase"]
[SourceDate "1996.11.15"]
[SourceVersion "1"]
[SourceVersionDate "1996.11.15"]
[SourceQuality "1"]

1. e4 c5 2. Nf3 d6 3. d4 cxd4 4. Nxd4 Nf6 5. f3 e5 6. Bb5+ Nbd7 7. Nf5 d5 $1 (
7... a6) 8. exd5 a6 9. Ba4 (9. Bxd7+) 9... b5 (9... Qa5+ 10. Nc3 b5 11. Bb3 Nc5
12. Qe2 Nfd7 13. d6 Nxb3 14. cxb3 Bb7 $15 {Bezgodov,A-Vaulin,A/Moscow/1995/0,5/
17/}) 10. Bb3 Nb6 11. Ne3 $8 Bc5 12. Nc3 Bb7 13. Qd3 (13. Nf5 $2 g6 $1 (13...
O-O 14. Bg5 $132) 14. Ng7+ Kf8 15. Bh6 Kg8 16. Qd2 b4 17. Ne2 a5 $17 {
Foguelman,A-Reshevsky,S/Buenos Aires/1960/0:1/39/}) 13... O-O 14. Ne4 Nxe4 $146
(14... Bxe3 15. Nxf6+ Qxf6 16. Bxe3 Nxd5 $1 17. Bxd5 Rad8 18. Bxf7+ $14 Rxf7
19. Qc3 Bxf3 $1 $13 {Kokkila,T-Hoffman,M/POL/1987/0:1/29/}) (14... Rc8 15. Nxc5
Rxc5 16. Bd2 (16. O-O $142 $14) 16... Nbxd5 17. O-O-O Qc7 18. Nxd5 Nxd5 $132 {
Galakhov,S-Yermolinsky,A/Tashkent/1985/0:1/35/}) 15. fxe4 a5 16. c3 (16. Qxb5
$2 Qh4+ $36) (16. a3 $5) 16... a4 17. Bd1 f5 $1 18. Nxf5 Rxf5 19. exf5 Bxd5 $44
(19... e4 $5 $132) 20. Qg3 $1 (20. Bf3 $2 e4 $1 21. Bxe4 Qh4+ $19) (20. Be3 e4
21. Qe2 $8 Bc4 22. Qf2 Bxe3 23. Qxe3 Nd5 24. Qxe4 (24. Qd4 Qg5 $40) 24... Qf8
$1 $40) 20... Nc4 21. Bc2 Qb6 (21... e4 22. Bg5 Qb6 23. O-O-O $16) (21... b4 $1
22. Bg5 Qb6 $36) 22. f6 $1 Qxf6 23. Bg5 Bf2+ $2 (23... Qc6 24. O-O-O e4 $1 $132
) 24. Qxf2 Qxg5 25. O-O $16 Ne3 $2 (25... h6 26. Rad1 Be6 $16) 26. Be4 $1 $18
1-0

[Event "Balatonbereny GM"]
[Site "Balatonbereny"]
[Date "1996.??.??"]
[Round "1"]
[White "Wach, Markus"]
[Black "Nisipeanu, Liviu Dieter"]
[Result "0-1"]
[WhiteElo "2380"]
[BlackElo "2515"]
[Annotator "Wach,M"]
[PlyCount "84"]
[EventDate "1996.06.13"]
[EventType "tourn"]
[EventRounds "11"]
[EventCountry "HUN"]
[EventCategory "11"]
[SourceTitle "CBM 055"]
[Source "ChessBase"]
[SourceDate "1996.12.01"]
[SourceVersion "1"]
[SourceVersionDate "1996.12.01"]
[SourceQuality "1"]

1. e4 c5 2. Nf3 d6 3. d4 cxd4 4. Nxd4 Nf6 5. f3 e5 6. Bb5+ Nbd7 7. Nf5 d5 8.
exd5 a6 9. Ba4 b5 10. Bb3 Nb6 11. Ne3 Bc5 12. Nc3 O-O 13. O-O $2 (13. Qd3 $142
Bb7 (13... Bd4 14. Ne4) 14. a4 $14) 13... Bf5 14. Kh1 Bg6 15. Qe2 Re8 16. Ng4
Nxg4 17. fxg4 Bd4 18. Be3 Nc4 19. Bxc4 bxc4 20. Rad1 Rb8 21. Bc1 Qa5 22. Qxc4
Bxc2 23. d6 Bxd1 24. Qxf7+ Kh8 25. d7 Rg8 26. Rxd1 Qd8 27. Qd5 Qe7 28. Ne4 Rbd8
29. Ng5 Rxd7 30. Qe4 g6 31. Nf3 Re8 32. h4 Bf2 33. Rf1 Bxh4 34. g5 Bg3 35. Qg4
e4 36. Qxg3 exf3 37. Qxf3 Qe6 38. Qc3+ Kg8 39. b3 Rf7 40. Rd1 Qe2 41. Rd3 Rf1+
42. Kh2 Rxc1 0-1